| 000 | 00434nam a22001337a 4500 | ||
|---|---|---|---|
| 040 | _cNUST | ||
| 082 | _a200 PRO | ||
| 100 |
_aMuhammad Maroof Hussain, Hafiz Rizwan Waheed _9119838 |
||
| 110 |
_aSupervisor Dr. Taosif Iqbal _995931 |
||
| 245 | _aPR-SOF-2276-Design and Implementation of Foldable & Trackable PV panel station | ||
| 260 |
_aISLAMABAD: _bNUST COLLEGE OF EME, _c2023. |
||
| 650 |
_aDE-ELECT-41 _9119586 |
||
| 942 |
_2ddc _cPR |
||
| 999 |
_c607381 _d607381 |
||